[Event "Karl Mala Memorial op-B 16th"]
[Site "Frankfurt"]
[Date "2013.07.14"]
[Round "7"]
[White "Blueml, Jannis"]
[Black "Droeser, Wolfgang"]
[Result "1/2-1/2"]
[WhiteElo "1232"]
[BlackElo "1490"]
[PlyCount "35"]
[EventDate "2013.07.11"]
[EventType "swiss"]
[EventRounds "7"]
[EventCountry "GER"]
[SourceTitle "CBM 155 Extra"]
[Source "ChessBase"]
[SourceDate "2013.08.26"]
[SourceVersion "1"]
[SourceVersionDate "2013.08.26"]
[SourceQuality "1"]

1. e4 d6 2. d4 Nf6 3. Nc3 e6 4. Nf3 c6 5. Bd3 Qc7 6. 0-0 e5 7. d5 Be7 8. h3 a6 9. a4 c5 10. b3 b6 11. Be3 Nbd7 12. Nh4 Bb7 13. Qd2 0-0-0 14. Rfb1 Nxe4 15. Bxe4 Bxh4 16. b4 Be7 17. b5 a5 18. Ne2 1/2-1/2

[Event "Karl Mala Memorial op-B 16th"]
[Site "Frankfurt"]
[Date "2013.07.14"]
[Round "6"]
[White "Lopez, Victor"]
[Black "Blueml, Jannis"]
[Result "1/2-1/2"]
[WhiteElo "1715"]
[BlackElo "1232"]
[PlyCount "68"]
[EventDate "2013.07.11"]
[EventType "swiss"]
[EventRounds "7"]
[EventCountry "GER"]
[SourceTitle "CBM 155 Extra"]
[Source "ChessBase"]
[SourceDate "2013.08.26"]
[SourceVersion "1"]
[SourceVersionDate "2013.08.26"]
[SourceQuality "1"]

1. e4 e5 2. Nf3 Nc6 3. d4 exd4 4. Nxd4 Nf6 5. Nxc6 bxc6 6. e5 Ne4 7. Qf3 Ng5 8. Qg3 Ne6 9. Bc4 g6 10. 0-0 Bg7 11. Bxe6 dxe6 12. Nc3 0-0 13. Rd1 Qe7 14. Ne4 h6 15. Be3 Qb4 16. Nf6+ Kh8 17. Bd4 Ba6 18. Bc3 Qb5 19. a4 Qb7 20. Qf3 c5 21. Qxb7 Bxb7 22. Nd7 Rfd8 23. Nxc5 Rxd1+ 24. Rxd1 Bd5 25. b3 Kh7 26. Na6 Rc8 27. Nc5 g5 28. Nd7 Be4 29. Rd2 Kg6 30. f3 Bc6 31. Nc5 h5 32. Kf2 Kf5 33. Nd3 Rd8 34. Ke3 Bh6 1/2-1/2

[Event "Karl Mala Memorial op-B 16th"]
[Site "Frankfurt"]
[Date "2013.07.13"]
[Round "5"]
[White "Blueml, Jannis"]
[Black "Mook, Karl Juergen"]
[Result "0-1"]
[WhiteElo "1232"]
[BlackElo "1585"]
[PlyCount "64"]
[EventDate "2013.07.11"]
[EventType "swiss"]
[EventRounds "7"]
[EventCountry "GER"]
[SourceTitle "CBM 155 Extra"]
[Source "ChessBase"]
[SourceDate "2013.08.26"]
[SourceVersion "1"]
[SourceVersionDate "2013.08.26"]
[SourceQuality "1"]

1. e4 e5 2. f4 exf4 3. Nf3 d5 4. exd5 Nf6 5. Bc4 Bd6 6. 0-0 0-0 7. d3 Bg4 8. h3 Bh5 9. Nc3 a6 10. Ne4 Nxe4 11. dxe4 g5 12. Qd4 h6 13. b3 Nd7 14. Bb2 f6 15. Rae1 Bc5 16. d6+ Kg7 17. Kh1 Bxd4 18. Nxd4 Bf7 19. Bxf7 Kxf7 20. Nf5 Rh8 21. e5 Nxe5 22. Bxe5 cxd6 23. Nxd6+ Kg6 24. Bxf4 gxf4 25. Ne4 Qc7 26. Re2 Rhe8 27. Rfe1 f5 28. Nc3 Rxe2 29. Nxe2 Qe5 30. c4 Re8 31. Nxf4+ Qxf4 32. Rxe8 Kf7 0-1

[Event "Karl Mala Memorial op-B 16th"]
[Site "Frankfurt"]
[Date "2013.07.12"]
[Round "3"]
[White "Muegendt, Brian Christopher"]
[Black "Blueml, Jannis"]
[Result "1-0"]
[WhiteElo "1516"]
[BlackElo "1232"]
[PlyCount "95"]
[EventDate "2013.07.11"]
[EventType "swiss"]
[EventRounds "7"]
[EventCountry "GER"]
[SourceTitle "CBM 155 Extra"]
[Source "ChessBase"]
[SourceDate "2013.08.26"]
[SourceVersion "1"]
[SourceVersionDate "2013.08.26"]
[SourceQuality "1"]

1. e4 e5 2. Nf3 d6 3. d4 exd4 4. Nxd4 Nf6 5. Nc3 Bd7 6. Bd3 g6 7. Be3 Bg7 8. Be2 Nc6 9. Qd2 Nxd4 10. Bxd4 c5 11. Be3 Bg4 12. f3 Be6 13. Rd1 Bf8 14. 0-0 Qc7 15. Bb5+ Bd7 16. Bxd7+ Qxd7 17. Nd5 Nxd5 18. Qxd5 0-0-0 19. Qb3 Bg7 20. Bxc5 Qc7 21. Bxa7 b5 22. Be3 Qc4 23. Qxc4+ bxc4 24. Bd4 Bxd4+ 25. Rxd4 c3 26. Rc4+ Kb7 27. Rxc3 Ra8 28. a3 Rhc8 29. Rb3+ Kc7 30. c4 Rcb8 31. Rxb8 Rxb8 32. b4 Ra8 33. Ra1 f5 34. Kf2 f4 35. a4 g5 36. Ke2 Kc6 37. Kd3 Rb8 38. b5+ Kc5 39. a5 h5 40. a6 Kb6 41. a7 Ra8 42. Ra6+ Kb7 43. Rxd6 Kxa7 44. Ra6+ Kb7 45. Rxa8 Kxa8 46. e5 Kb8 47. e6 Kc8 48. b6 1-0

[Event "Main Vogelsberg op 8th"]
[Site "Hanau"]
[Date "2013.06.02"]
[Round "7"]
[White "Blueml, Jannis"]
[Black "Blosze, Winfried"]
[Result "0-1"]
[WhiteElo "1167"]
[BlackElo "1781"]
[PlyCount "52"]
[EventDate "2013.05.30"]
[EventType "swiss"]
[EventRounds "7"]
[EventCountry "GER"]
[SourceTitle "EXT 2014"]
[Source "ChessBase"]
[SourceDate "2013.11.20"]
[SourceVersion "1"]
[SourceVersionDate "2013.11.20"]
[SourceQuality "1"]

1. e4 d5 2. Nc3 d4 3. Nce2 e5 4. d3 c5 5. f4 Nc6 6. fxe5 Nxe5 7. Bf4 Bd6 8. Bxe5 Bxe5 9. Nf3 Bc7 10. g3 Nf6 11. Qd2 Ba5 12. c3 Ng4 13. Qf4 dxc3 14. Nxc3 0-0 15. 0-0-0 Nf2 16. Be2 Nxh1 17. Rxh1 Bxc3 18. bxc3 Qa5 19. Qd2 Be6 20. c4 Qc7 21. d4 cxd4 22. Nxd4 Bh3 23. Qe3 Qe5 24. Qf3 Qxd4 25. g4 Qa1+ 26. Kd2 Rad8+ 0-1

[Event "Main Vogelsberg op 8th"]
[Site "Hanau"]
[Date "2013.06.01"]
[Round "5"]
[White "Bergmann, Michael"]
[Black "Blueml, Jannis"]
[Result "1/2-1/2"]
[WhiteElo "1389"]
[BlackElo "1167"]
[PlyCount "63"]
[EventDate "2013.05.30"]
[EventType "swiss"]
[EventRounds "7"]
[EventCountry "GER"]
[SourceTitle "EXT 2014"]
[Source "ChessBase"]
[SourceDate "2013.11.20"]
[SourceVersion "1"]
[SourceVersionDate "2013.11.20"]
[SourceQuality "1"]

1. d4 g6 2. c4 Bg7 3. Nc3 d6 4. Nf3 Nf6 5. Bg5 h6 6. Bf4 0-0 7. Qd2 Kh7 8. e3 Re8 9. Be2 Nbd7 10. 0-0 c5 11. d5 Nh5 12. Bg3 Nxg3 13. fxg3 e5 14. Qc2 Qe7 15. e4 a6 16. a4 Nf6 17. b3 Ng4 18. Qd2 f5 19. exf5 Bxf5 20. h3 Nf6 21. g4 Bd7 22. g5 e4 23. gxf6 Bxf6 24. Nh2 e3 25. Qc2 Bd4 26. Ng4 Bxg4 27. Bxg4 e2+ 28. Kh1 exf1Q+ 29. Rxf1 Rf8 30. Rd1 Rf2 31. Qd3 Re8 32. Ne2 1/2-1/2

[Event "Main Vogelsberg op 8th"]
[Site "Hanau"]
[Date "2013.06.01"]
[Round "4"]
[White "Blueml, Jannis"]
[Black "Herdt, Werner"]
[Result "1/2-1/2"]
[WhiteElo "1167"]
[BlackElo "1421"]
[PlyCount "58"]
[EventDate "2013.05.30"]
[EventType "swiss"]
[EventRounds "7"]
[EventCountry "GER"]
[SourceTitle "EXT 2014"]
[Source "ChessBase"]
[SourceDate "2013.11.20"]
[SourceVersion "1"]
[SourceVersionDate "2013.11.20"]
[SourceQuality "1"]

1. e4 c5 2. c3 d6 3. d4 cxd4 4. cxd4 a6 5. Nf3 Nf6 6. Bd3 e6 7. Nc3 Be7 8. 0-0 0-0 9. Qe2 Re8 10. e5 dxe5 11. dxe5 Nfd7 12. Qe4 Nf8 13. Rd1 Qc7 14. h4 Nbd7 15. Re1 Nc5 16. Qe2 Nxd3 17. Qxd3 b5 18. Ne4 Bb7 19. Bf4 Red8 20. Qe3 Qc2 21. Re2 Qd3 22. Qxd3 Rxd3 23. Rc1 Bxe4 24. Rxe4 a5 25. Rc7 Bd8 26. Rb7 b4 27. Bg5 Rd7 28. Rxd7 Nxd7 29. Bxd8 Rxd8 1/2-1/2

[Event "Main Vogelsberg op 8th"]
[Site "Hanau"]
[Date "2013.05.30"]
[Round "2"]
[White "Blueml, Jannis"]
[Black "Traut, Stefan"]
[Result "1/2-1/2"]
[WhiteElo "1167"]
[BlackElo "1537"]
[PlyCount "29"]
[EventDate "2013.05.30"]
[EventType "swiss"]
[EventRounds "7"]
[EventCountry "GER"]
[SourceTitle "EXT 2014"]
[Source "ChessBase"]
[SourceDate "2013.11.20"]
[SourceVersion "1"]
[SourceVersionDate "2013.11.20"]
[SourceQuality "1"]

1. e4 c5 2. Nf3 d6 3. d4 cxd4 4. Nxd4 Nf6 5. Nc3 g6 6. Bc4 Bg7 7. 0-0 0-0 8. f3 Bd7 9. g4 Nc6 10. Nxc6 Bxc6 11. Kg2 a6 12. a4 Rc8 13. Nd5 Re8 14. Nxf6+ Bxf6 15. Qd3 1/2-1/2

[Event "Main Vogelsberg op 5th"]
[Site "Hanau"]
[Date "2010.05.02"]
[Round "7"]
[White "Blueml, Jannis"]
[Black "Junkers, Guenter"]
[Result "1-0"]
[WhiteElo "757"]
[BlackElo "684"]
[PlyCount "55"]
[EventDate "2010.04.28"]
[EventType "swiss"]
[EventRounds "7"]
[EventCountry "GER"]
[SourceTitle "CBM 136 Extra"]
[Source "ChessBase"]
[SourceDate "2010.07.02"]
[SourceVersion "2"]
[SourceVersionDate "2010.07.15"]
[SourceQuality "1"]

1. c4 e5 2. Nf3 Nc6 3. g3 d6 4. Bg2 Be6 5. d3 d5 6. cxd5 Bb4+ 7. Nc3 Bxd5 8. Bd2 Be6 9. 0-0 Nge7 10. a3 Bd6 11. e4 Nd4 12. Ng5 Bb3 13. Qh5 Ng6 14. f4 Qf6 15. Nd5 Bxd5 16. exd5 exf4 17. Rae1+ Be5 18. gxf4 0-0-0 19. fxe5 Qb6 20. Bh3+ f5 21. exf6+ Kb8 22. Be3 Rhe8 23. Nf7 Rxd5 24. Qxd5 gxf6 25. Bxd4 Qc6 26. Qxc6 Ne7 27. Qxe8+ Nc8 28. Qxc8# 1-0

[Event "Main Vogelsberg op 5th"]
[Site "Hanau"]
[Date "2010.05.01"]
[Round "4"]
[White "Blueml, Jannis"]
[Black "Popp, Johann"]
[Result "0-1"]
[WhiteElo "757"]
[BlackElo "1439"]
[PlyCount "63"]
[EventDate "2010.04.28"]
[EventType "swiss"]
[EventRounds "7"]
[EventCountry "GER"]
[SourceTitle "CBM 136 Extra"]
[Source "ChessBase"]
[SourceDate "2010.07.02"]
[SourceVersion "2"]
[SourceVersionDate "2010.07.15"]
[SourceQuality "1"]

1. e4 e6 2. Nf3 d5 3. exd5 Qxd5 4. Nc3 Qd8 5. d4 Nf6 6. Bg5 h6 7. Bf4 Bd6 8. g3 Bxf4 9. gxf4 Nc6 10. Bh3 b6 11. Qd3 Nd5 12. Qe4 0-0 13. Ne5 Bb7 14. f5 Na5 15. Rg1 Nf6 16. Qh4 Nh7 17. Qg4 Qg5 18. Nd7 Qxg4 19. Bxg4 Rfe8 20. 0-0-0 exf5 21. Bxf5 Rad8 22. Rge1 Bc6 23. d5 Rxe1 24. Rxe1 Bxd7 25. Bxd7 Rxd7 26. Re8+ Nf8 27. b4 Nc4 28. Re4 Nd6 29. Rd4 f6 30. Kd2 Ng6 31. Kd3 Ne5+ 32. Ke3 0-1

[Event "Main Vogelsberg op 5th"]
[Site "Hanau"]
[Date "2010.04.28"]
[Round "1"]
[White "Blueml, Jannis"]
[Black "Achelrod, Alexandre"]
[Result "1/2-1/2"]
[WhiteElo "757"]
[BlackElo "1824"]
[PlyCount "71"]
[EventDate "2010.04.28"]
[EventType "swiss"]
[EventRounds "7"]
[EventCountry "GER"]
[SourceTitle "CBM 136 Extra"]
[Source "ChessBase"]
[SourceDate "2010.07.02"]
[SourceVersion "2"]
[SourceVersionDate "2010.07.15"]
[SourceQuality "1"]

1. e4 c5 2. Nf3 d6 3. d4 cxd4 4. Nxd4 Nf6 5. Nc3 a6 6. Bc4 e6 7. Bg5 Be7 8. 0-0 0-0 9. Qd2 b5 10. Bd3 b4 11. Nce2 Qb6 12. Be3 Ng4 13. Nf5 Qc7 14. Nxe7+ Qxe7 15. Qxb4 Nxe3 16. fxe3 Nc6 17. Qc4 Ne5 18. Qb4 Rd8 19. Nd4 Qg5 20. Rae1 Qe7 21. Nf3 Nc6 22. Qb6 Qd7 23. Qb3 h6 24. Rd1 Qa7 25. Rfe1 Rb8 26. Qa4 Qb6 27. b3 a5 28. c3 Bd7 29. Qa3 Be8 30. Bc2 Na7 31. e5 Nb5 32. Qb2 d5 33. c4 Nc7 34. Qa3 dxc4 35. Rxd8 Rxd8 36. bxc4 1/2-1/2